<?xml version="1.0" encoding="UTF-8"?>
<record
    xmlns:xsi="http://www.w3.org/2001/XMLSchema-instance"
    xsi:schemaLocation="http://www.loc.gov/MARC21/slim http://www.loc.gov/standards/marcxml/schema/MARC21slim.xsd"
    xmlns="http://www.loc.gov/MARC21/slim">

  <leader>00385    a2200109   4500</leader>
  <controlfield tag="001">ART_13064</controlfield>
  <controlfield tag="005">20260410161817.0</controlfield>
  <controlfield tag="008">260409a                                 </controlfield>
  <datafield tag="245" ind1="1" ind2="0">
    <subfield code="a">La pretensi&#xF3;n de correcci&#xF3;n y la interpretaci&#xF3;n laboral</subfield>
  </datafield>
  <datafield tag="100" ind1="1" ind2=" ">
    <subfield code="a">Etala, Carlos Alberto</subfield>
  </datafield>
  <datafield tag="773" ind1="0" ind2=" ">
    <subfield code="t">Revista Juridica de Buenos Aires</subfield>
    <subfield code="g">Presente y futuro del derecho del trabajo (ene. 2009)</subfield>
    <subfield code="w">REV4315</subfield>
  </datafield>
  <datafield tag="999" ind1=" " ind2=" ">
    <subfield code="c">21977</subfield>
    <subfield code="d">21977</subfield>
  </datafield>
</record>
